Pronouns and people : the linguistic construction of social and personal identity

Αποθηκεύτηκε σε:
Λεπτομέρειες βιβλιογραφικής εγγραφής
Κύριος συγγραφέας: Muhlhausler, Peter
Άλλοι συγγραφείς: Harre, Rom
Μορφή: Βιβλίο
Γλώσσα:English
Δημοσίευση: Oxford : Basil Blackwell, 1990
Σειρά:Language in society
Θέματα:
Ετικέτες: Προσθήκη ετικέτας
Δεν υπάρχουν, Καταχωρήστε ετικέτα πρώτοι!

MARC

LEADER 00000nam a2200000 i 4500
001 1/92534
008 940223s1990 eng d
020 |a 0-631-16592-4 
035 |l 10008506 
040 |a GR-MY-UA  |b gre  |e aacr 
041 0 |a eng 
082 0 |a 415 
100 1 |a Muhlhausler, Peter. 
245 1 0 |a Pronouns and people :  |b the linguistic construction of social and personal identity /  |c Peter Muhlhausler ; Rom Harre 
260 |a Oxford :   |b Basil Blackwell,   |c 1990 
300 |a 303 p.  |b tables; fig. 
490 1 |a Language in society 
500 |a With the assistance of Anthony Holiday and Michael Freyne 
504 |a Includes bibliographical references and index 
650 0 0 |a Grammar, Comparative and general  |x Pronoun. 
650 0 0 |a Sociolinguistics. 
650 0 0 |a Sapir  |x Whorf hypothesis. 
700 1 |a Harre, Rom. 
830 0 |a Language in society 
852 |a INST  |b LESVOS  |e 19940223  |h 415 MUH  |p 005100004975  |q 005100004975  |t BK  |y 0 
909 |a Λ  |b 033287